000 01024nmc a2200325 a 4500
003 AR-BaBNM
005 20251128211148.0
008 273020s2002 ||||||||||||||000 | spa||
020 _a950-895-125-7
040 _cAR-BaBNM
100 1 _aLehmann-Nitsche, Robert
245 1 0 _aLa ramada
_b; La leyenda de Santos Vega
260 _aBuenos Aires
_bCatálogos
_c2002
_bSecretaría de Cultura de la Nación
300 0 _a117 p.
490 0 _aLetras de la memoria
500 0 _aEsta edición ha sido auspiciada y declarada de interés cultural por la Secretaría de Cultura de la Nación
650 4 _aLITERATURA ARGENTINA
650 4 _aHISTORIA ARGENTINA
650 4 _aNACIONALISMO CULTURAL
650 4 _aIDENTIDAD NACIONAL
650 4 _aESTEREOTIPO NACIONAL
650 4 _aIDEOLOGIAS
650 4 _aPATRIOTISMO
650 4 _aTRADICIONES
650 4 _aCOSTUMBRES Y TRADICIONES
700 1 _aFernández Latour de Botas, Olga
_eprologuista
800 1 _aArcomano, Domingo
942 _cBK
998 _cMariana
999 _c18521
_d18521